The Kalahari typing school for men

Αποθηκεύτηκε σε:
Λεπτομέρειες βιβλιογραφικής εγγραφής
Κύριος συγγραφέας: McCall Smith, Alexander, 1948-
Μορφή: Βιβλίο
Γλώσσα:English
Δημοσίευση: [London] : Abacus, 2004.
Σειρά:Ladies' Detective Agency series
Θέματα:
Ετικέτες: Προσθήκη ετικέτας
Δεν υπάρχουν, Καταχωρήστε ετικέτα πρώτοι!

MARC

LEADER 00000cam a2200000 a 4500
001 1/115456
008 171103s2004####enk| ||| |||| ||eng||
020 |a 0349117047 
040 |a GR-MyUa  |b gre  |c GR-MyUa  |e AACR2 
041 0 |a eng 
082 7 |a 823  |2 (23) 
100 1 |a McCall Smith, Alexander,   |d 1948- 
245 1 4 |a The Kalahari typing school for men /   |c Alexander McCall Smith.  
260 |a [London] :   |b Abacus,   |c 2004.  
300 |a 210, [4] σ. ;   |c 20 εκ.  
490 1 |a (Ladies' Detective Agency series)  
650 0 |a Mystery  |x Fiction. 
650 0 |a Detective and mystery stories. 
650 0 |a Women private investigators  |v Fiction  |z Botswana. 
650 0 |a English fiction  |y 20th century. 
651 0 |a Botswana  |v Fiction. 
830 0 |a Ladies' Detective Agency series 
852 |a INST  |b SAMOS  |e 20171103  |h 823 MCC  |p 005300045003  |q 005300045003  |t BK  |y 0 
970 |a Φιλιππή  |b Φάλη  |z 03-11-2017